Les 10 villes les plus peuplées du Doubs (25) - Statistiques

Statistiques générales
  • Ce quiz a été pris 52 fois
  • Le résultat moyen est 5 sur 10
Statistiques - réponses
Population Communes % Correct
120 100 Besançon
100%
25 500 Montbéliard
88%
17 900 Pontarlier
88%
6 900 Morteau
61%
14 000 Audincourt
57%
5 700 Valdahon
49%
10 600 Valentigney
39%
5 800 Seloncourt
22%
5 900 Grand-Charmont
20%
5 300 Bethoncourt
18%
Aucun quiz correspondant
Distribution des résultats
% des personnes avec chaque résultat
Percentile par nombre de réponses
Votre historique - résultats
Vous n’avez pas pris ce quiz